00978mam a2200181 4500082001900000100001900019245024900038260008000287300004900367500003900416505008400455526003700539650000800576650005200584650005200636650007200688700003600760 a940.40947bGOL1 aGolovin, N. N.14aThe Russian campaign of 1914;bthe beginning of the war and operations in East Prussia,cby Nicholas N. Golovine. Pref. by Marshal Foch. English ed. rev. and brought up to date by the author. (With maps and diagrams) Translated by A.G.S. Muntz. aFort Leavenworth, Kan.,bThe Command and General Staff School Press,c1933. axxi, 410 p.bfold. maps, fold. diagr.c24cm. aMaps and diagram in pocket at end.0 apt. I. The beginning of the war.--pt. II. The first operations in East Prussia. a0b0c0d940_409470000000000_GOL 0aMCE 0aTannenberg, Battle of, Stębark, Poland, 1914. 0aWorld War, 1914-1918xCampaignszEastern Front. 0aWorld War, 1914-1918zPrussia, East (Poland and Russia)zGumbinnen.1 aMuntz, Arthur Godfrey Stephens,